ŠTATISTIKA: ČÍSLA PRE ANALÝZU I PROGNÓZU

Bibliographic Details
Format: Article
Language:Slovak

MARC

LEADER 00000nab a2200000uu 4500
001 vtls011489107
003 SK-MaSNL
005 20260225212710.0
008 230222|1996 xo |||||||||||||||||slo|
015 |a SNBRB 
035 |a (urnnbn)urn:nbn:sk:snk:ar-007hej 
035 |a (uuid)21658f67-50d9-445f-8fe1-6372553a1be9 
035 |a urn:nbn:sk:snk-abdemg 
040 |a SNKBUCL  |b slo  |c SNKBUCL  |e AACR2 
041 0 |a slo 
044 |a xo  |c SK 
245 0 0 |a ŠTATISTIKA: ČÍSLA PRE ANALÝZU I PROGNÓZU 
773 0 |t Škola - manažment, ekonomika, legislatíva : časopis o manažovaní škôl a školských zariadení, ekonomických a právnych aspektoch ich prevádzky  |g Roč. 1, č. 6 (1996), s. 8-14 
954 |a odborná, vedecká literatúra pôvodná (slovenská)  |2 lita 
958 |a OND 
958 |a EUIPO 
958 |a article18 
999 |c 2042996  |d 2044926